Toán cao cấp: T3: Tích phân, phương trình vi phân, chuỗi

Сохранить в:
Библиографические подробности
Главный автор: Guy Lefort
Формат:
Язык:Undetermined
Опубликовано: Hà Nội
Предметы:
Метки: Добавить метку
Нет меток, Требуется 1-ая метка записи!
Thư viện lưu trữ: Trung tâm Học liệu Trường Đại học Cần Thơ
LEADER 00472nam a2200157Ia 4500
001 CTU_1265
008 210402s9999 xx 000 0 und d
082 |a 515 
082 |b L494/T3 
100 |a Guy Lefort 
245 0 |a Toán cao cấp: T3: Tích phân, phương trình vi phân, chuỗi 
245 0 |c Guy Lefort 
260 |a Hà Nội 
650 |a mathematical analysis 
904 |i Minh, 960813 
980 |a Trung tâm Học liệu Trường Đại học Cần Thơ